01128nam a22002417a 450000500170000000800410001702000150005804000090007304100080008208200210009010000180011124500860012926000430021530000300025836500430028844000100033152004370034152100060077865000340078465000250081870000200084370000230086320220528091217.0220524b ||||| |||| 00| 0 eng d a8122003923 cAloy aeng 223a954.04bCHOC aP N Chopra Ed aCollected works of Sardar Vallabhbhai Patel Vol.V 1 January 1935-31 December 1935 aDelhibKonark Publishers Pvt Ltdc1994 axxvii,244p.bHBc25x19cm. 2Political Scienceb500.00c₹d500.00 vVol.5 aThese volumes on Vallabhbhai Patel compiled from various journals and periodicals trace Patel's life from 1918, when he made his debut in politics and came into close contact with Mahatma Gandhi. An advisory committee comprising Shri Nijalingappa as Chairman, Union Ministers, Chief Ministers and statesmen of various states and Dr P.N. Chopra, an eminent historian as Chief Editor, have supervised the compilation of these volumes. a. aPlague Relief Work in Gujarat aProvincial Elections aCHOPRA (P N) Ed aCHOPRA (Prabha) Ed